The Anatomy of aircraft : eighty five years of development from the Wright Flyer to the grumman X29

Bibliographic Details
Main Author: Gunston, Bill
Format: Book
Published: London : Brian Trodd Publishing , 1988
Subjects:

MARC

LEADER 00000cam a2200000 7i4500
001 0000002870
002 000003106
005 20000330.0
020 |a 1853610216 
090 0 0 |a 629.13334   |b GUN 
100 1 |a Gunston, Bill 
245 1 4 |a The Anatomy of aircraft :   |b eighty five years of development from the Wright Flyer to the grumman X29   |c Bill Gunston 
260 |a London :   |b Brian Trodd Publishing ,   |c 1988 
300 |a 191p. :   |b illust. ;   |c 31 cm. 
650 0 0 |a Airplanes   |x Motors 
999 |a 035224   |b BUKU   |c PINJAMAN   |e PERPUSTAKAAN KOMUNITI PETALING JAYA